000 00815nam a2200277 i 4500
001 C2-0249910
003 PPAK
005 20180727213732.0
008 030611s2000 caua|||| ||||| | eng d
020 _a1560065311
040 _aPPAK
_beng
_cPPAK
_erda
082 0 4 _a940.53
_223
090 0 0 _a940.53
_bKAL
_dR
100 1 _aKallen, Stuart A.,
_eauthor
245 1 4 _aThe war at home
264 1 _aSan Diego, California :
_bLucent Books ,
_c2000
300 _a112 pages :
_billustrations ;
_c24 cm
336 _2rdacontent
_atext
337 _2rdamedia
_aunmediated
338 _2rdacarrier
_avolume
490 1 _aThe American war library series
500 _aIncludes bibliographical references and index
650 1 0 _aWorld War, 1939-1945
830 0 _aThe American war library series
942 _ddc
_cB
999 _c63302
_d63302